00915nam a22002537a 450000500170000001000130001702000230003003500130005303700160006604000120008208200130009410000340010724500850014126000420022627000560026830000240032450000510034865000320039965000190043170000340045094200220048499900190050695201360052520170124105944.0 aA-681432 c250.00a8185133808 aA-681432 bCen Lib/Ret aDPLbEN a250bCOP aCopleston, Reginald S.911842 aTheravada buddhism /cby Reginald S. Copleston; edited by Harcharan Singh Sobti bEastern Book Linkers a Delhic1993 a 5825, New Chandrawal, Jawahar NagarbDelhie110007 axxiv,206p.c22m(Hb) aIncludes bibliographical references and index. aTheravāda Buddhism911843 aBuddhism91068 aSobti, Harcharan Singh974499 2ddccENh250mCOP c124758d124758 00104070aLbLd2015-06-18eCen Lib/Retg250.00l1o250 COPpA-681432r2019-11-14 00:00:00s2019-10-11t1v250.00w2015-06-18yEN